000 01068nam a2200289 i 4500
003 EG-GICUC
005 20260121101409.0
008 251201s1984 ua ||||f |||| 00| 0 ara d
017 _a1984/2845
040 _a EG-GICUC
_bara
_c EG-GICUC
_d EG-GICUC
_erda
082 0 4 _221
_a343.416062
_bم ع . و
092 0 4 _221
_a343.416062
_bم ع . و
099 _aLaw1 10 343.41606207 م ع . و 2 ed-1984
100 0 _aمعوض عبدالتواب.
_eمؤلف.
245 _aالوسيط فى شرح قوانين التموين وامن الدولة /
_cمعوض عبدالتواب.
250 _aالطبعة الثانية.
264 _aالاسكندرية :
_bمنشاة المعرف ،
_c1984.
300 _a716 صفحة ؛
_c24 سم
336 _2rda content
_atext
337 _2rda media
_aComputer
338 _2rda carrier
_aOnline Resource
650 1 _aالتموين والتسعير الجبرى
_vنقض
_zمصر
_2qrmak
651 1 _2qrmak
856 4 0 _uhttps://fll.law.cu.edu.eg/fulltext/bks/B10-05868.pdf
905 _a58
942 _2ddc
_cBK
_e21
_n0
999 _c47557
_d47557